BON JOVI Song Quiz [COMPLETE] - Statistics

General Stats
  • This quiz has been taken 68 times
  • The average score is 74 of 243
Answer Stats
% Correct
CRUSH (2000) It's My Life
91%
CROSSROAD (1994) Always
88%
SLIPPERY WHEN WET (1986) Livin' On A Prayer
88%
HAVE A NICE DAY (2005) Have A Nice Day
86%
BON JOVI - DEBUT (1984) Runaway
86%
SLIPPERY WHEN WET (1986) You Give Love A Bad Name
86%
NEW JERSEY (1988) Bad Medicine
79%
KEEP THE FAITH (1992) Keep The Faith
77%
THESE DAYS (1995) These Days
77%
KEEP THE FAITH (1992) Bed Of Roses
74%
SLIPPERY WHEN WET (1986) Wanted Dead Or Alive
74%
LOST HIGHWAY (2007) Lost Highway
72%
THIS HOUSE IS NOT FOR SALE (2016/2018) This House Is Not For Sale
70%
NEW JERSEY (1988) Born To Be My Baby
65%
BOUNCE (2002) Bounce
65%
NEW JERSEY (1988) I'll Be There For You
65%
NEW JERSEY (1988) Lay Your Hands On Me
65%
WHAT ABOUT NOW (2013) What About Now
65%
BURNING BRIDGES (2015) Burning Bridges
63%
KEEP THE FAITH (1992) Dry County
63%
CROSSROAD (1994) Someday I'll Be Saturday Night
58%
7800 FAHRENHEIT (1985) In And Out Of Love
56%
THESE DAYS (1995) Something For The Pain
56%
THESE DAYS (1995) This Ain't A Love Song
56%
SLIPPERY WHEN WET (1986) Never Say Goodbye
53%
NEW JERSEY (1988) Blood on Blood
51%
CRUSH (2000) Captain Crash & The Beauty Queen From Mars
51%
SLIPPERY WHEN WET (1986) Let It Rock
51%
SLIPPERY WHEN WET (1986) Raise Your Hands
51%
THE CIRCLE (2009) We Weren't Born To Follow
51%
SLIPPERY WHEN WET (1986) Wild In The Streets
51%
BOUNCE (2002) Everyday
49%
CRUSH (2000) One Wild Night
49%
BON JOVI - DEBUT (1984) Roulette
49%
BON JOVI - DEBUT (1984) Shot Through The Heart
49%
SLIPPERY WHEN WET (1986) Social Disease
49%
CRUSH (2000) Thank You For Loving Me
49%
HAVE A NICE DAY (2005) Who Says You Can't Go Home
49%
HAVE A NICE DAY (2005) Who Says You Can't Go Home (feat. Jennifer Nettles)
49%
SLIPPERY WHEN WET (1986) Without Love
49%
CROSSROAD (1994) Blaze Of Glory
47%
KEEP THE FAITH (1992) I Believe
47%
SLIPPERY WHEN WET (1986) I'd Die For You
47%
KEEP THE FAITH (1992) I'll Sleep When I'm Dead
47%
KEEP THE FAITH (1992) In These Arms
47%
FOREVER (2024) Legendary
47%
NEW JERSEY (1988) Living In Sin
47%
THESE DAYS (1995) Hey God
44%
BOUNCE (2002) Joey
44%
BOUNCE (2002) Misunderstood
44%
CRUSH (2000) Say It Isn't So
44%
BON JOVI - DEBUT (1984) She Don't Know Me
44%
NEW JERSEY (1988) 99 In The Shade
42%
KEEP THE FAITH (1992) I Want You
42%
NEW JERSEY (1988) Ride Cowboy Ride
42%
THIS HOUSE IS NOT FOR SALE (2016/2018) Roller Coaster
42%
7800 FAHRENHEIT (1985) Tokyo Road
42%
THIS HOUSE IS NOT FOR SALE (2016/2018) Walls
42%
LOST HIGHWAY (2007) (You Want To) Make A Memory
42%
2020 (2020) American Reckoning
40%
WHAT ABOUT NOW (2013) Because We Can
40%
BOUNCE (2002) The Distance
40%
BURNING BRIDGES (2015) We Don't Run
40%
2020 (2020) Do What You Can
37%
KEEP THE FAITH (1992) Fear
37%
KEEP THE FAITH (1992) If I Was Your Mother
37%
7800 FAHRENHEIT (1985) King Of The Mountain
37%
FOREVER (2024) Living Proof
37%
THIS HOUSE IS NOT FOR SALE (2016/2018) Living With The Ghost
37%
FOREVER (2024) Seeds
37%
2020 (2020) Unbroken
37%
BOUNCE (2002) Undivided
37%
THESE DAYS (1995) Diamond Ring
35%
BON JOVI - DEBUT (1984) Get Ready
35%
HAVE A NICE DAY (2005) Last Cigarette
35%
2020 (2020) Limitless
35%
FOREVER (2024) My First Guitar
35%
THIS HOUSE IS NOT FOR SALE (2016/2018) The Devil's In The Temple
35%
FOREVER (2024) Waves
35%
THE CIRCLE (2009) When We Were Beautiful
35%
THIS HOUSE IS NOT FOR SALE (2016/2018) When We Were Us
35%
NEW JERSEY (1988) Wild Is The Wind
35%
KEEP THE FAITH (1992) Blame It On The Love of Rock & Roll
33%
FOREVER (2024) Hollow Man
33%
CRUSH (2000) I Got The Girl
33%
LOST HIGHWAY (2007) I Love This Town
33%
FOREVER (2024) Kiss The Bride
33%
THIS HOUSE IS NOT FOR SALE (2016/2018) Knockout
33%
THESE DAYS (1995) My Guitar Lies Bleeding In My Arms
33%
7800 FAHRENHEIT (1985) Only Lonely
33%
HAVE A NICE DAY (2005) Story Of My Life
33%
CRUSH (2000) Two Story Town
33%
FOREVER (2024) We Made It Look Easy
33%
LOST HIGHWAY (2007) Whole Lot of Leavin'
33%
KEEP THE FAITH (1992) Woman In Love
33%
BOUNCE (2002) All About Lovin' You
30%
THE CIRCLE (2009) Bullet
30%
THESE DAYS (1995) (It's Hard) Letting You Go
30%
FOREVER (2024) I Wrote You A Song
30%
CRUSH (2000) Just Older
30%
THIS HOUSE IS NOT FOR SALE (2016/2018) Labor Of Love
30%
HAVE A NICE DAY (2005) Last Man Standing
30%
THESE DAYS (1995) Lie To Me
30%
BON JOVI - DEBUT (1984) Love Lies
30%
CRUSH (2000) Mystery Train
30%
7800 FAHRENHEIT (1985) Silent Night
30%
FOREVER (2024) The People's House
30%
7800 FAHRENHEIT (1985) The Price Of Love
30%
FOREVER (2024) Walls Of Jericho
30%
LOST HIGHWAY (2007) We Got It Going On
30%
GREATEST HITS - COMPILATION (2010) What Do You Got?
30%
WHAT ABOUT NOW (2013) Amen
28%
BURNING BRIDGES (2015) A Teardrop To The Sea
28%
2020 (2020) Beautiful Drug
28%
THIS HOUSE IS NOT FOR SALE (2016/2018) Born Again Tomorrow
28%
BON JOVI - DEBUT (1984) Breakout
28%
THE CIRCLE (2009) Brokenpromiseland
28%
HAVE A NICE DAY (2005) Complicated
28%
THESE DAYS (1995) Damned
28%
NEW JERSEY (1988) Homebound Train
28%
2020 (2020) Let It Rain
28%
KEEP THE FAITH (1992) Little Bit Of Soul
28%
FOREVER (2024) Living In Paradise
28%
NEW JERSEY (1988) Love For Sale
28%
CRUSH (2000) Next 100 Years
28%
GREATEST HITS - COMPILATION (2010) No Apologies
28%
CROSSROAD (1994) Prayer 94
28%
CRUSH (2000) Save The World
28%
NEW JERSEY (1988) Stick To Your Guns
28%
THE CIRCLE (2009) Superman Tonight
28%
GREATEST HITS - COMPILATION (2010) This Is Love This Is Life
28%
WHAT ABOUT NOW (2013) Beautiful World
26%
2020 (2020) Blood In The Water
26%
BON JOVI - DEBUT (1984) Burning For Love
26%
BON JOVI - DEBUT (1984) Come Back
26%
BURNING BRIDGES (2015) Fingerprints
26%
THESE DAYS (1995) If That's What It Takes
26%
HAVE A NICE DAY (2005) I Want To Be Loved
26%
HAVE A NICE DAY (2005) Novocaine
26%
BOUNCE (2002) Right Side Of Wrong
26%
BURNING BRIDGES (2015) Saturday Night Gave Me Sunday Morning
26%
THIS HOUSE IS NOT FOR SALE (2016/2018) Scars On This Guitar
26%
7800 FAHRENHEIT (1985) Secret Dreams
26%
CRUSH (2000) She's A Mystery
26%
THESE DAYS (1995) Something To Believe In
26%
2020 (2020) Story Of Love
26%
7800 FAHRENHEIT (1985) The Hardest Part Is The Night
26%
HAVE A NICE DAY (2005) Welcome To Wherever You Are
26%
HAVE A NICE DAY (2005) Wildflower
26%
WHAT ABOUT NOW (2013) Army Of One
23%
HAVE A NICE DAY (2005) Bells Of Freedom
23%
2020 (2020) Brothers In Arms
23%
THIS HOUSE IS NOT FOR SALE (2016/2018) God Bless This Mess
23%
THESE DAYS (1995) Hearts Breaking Even
23%
HAVE A NICE DAY (2005) I Am
23%
WHAT ABOUT NOW (2013) I'm With You
23%
BURNING BRIDGES (2015) Life Is Beautiful
23%
BOUNCE (2002) Love Me Back To Life
23%
2020 (2020) Lower The Flag
23%
THIS HOUSE IS NOT FOR SALE (2016/2018) New Year's Day
23%
100,000,000 BON JOVI FANS CAN'T BE WRONG - BOX SET (2004) | BOUNCE (2002) Open All Night
23%
LOST HIGHWAY (2007) Summertime
23%
WHAT ABOUT NOW (2013) That's What The Water Made Me
23%
GREATEST HITS - COMPILATION (2010) The More Things Change
23%
THE CIRCLE (2009) Thorn In My Side
23%
LOST HIGHWAY (2007) Till We Ain't Strangers Anymore
23%
BURNING BRIDGES (2015) Who Would You Die For
23%
THE CIRCLE (2009) Work For The Working Man
23%
LOST HIGHWAY (2007) Any Other Day
21%
BURNING BRIDGES (2015) Blind Love
21%
LOST HIGHWAY (2007) Everybody's Broken
21%
BOUNCE (2002) Hook Me Up
21%
THE CIRCLE (2009) Learn To Love
21%
100,000,000 BON JOVI FANS CAN'T BE WRONG - BOX SET (2004) Memphis Lives In Me
21%
THIS HOUSE IS NOT FOR SALE (2016/2018) Reunion
21%
WHAT ABOUT NOW (2013) Room At The End Of The World
21%
LOST HIGHWAY (2007) Seat Next To You
21%
THIS HOUSE IS NOT FOR SALE (2016/2018) Come On Up To Our House
19%
THE CIRCLE (2009) Live Before You Die
19%
THE CIRCLE (2009) Love's The Only Rule
19%
WHAT ABOUT NOW (2013) Pictures Of You
19%
LOST HIGHWAY (2007) The Last Night
19%
WHAT ABOUT NOW (2013) Thick As Thieves
19%
7800 FAHRENHEIT (1985) To The Fire
19%
WHAT ABOUT NOW (2013) What's Left Of Me
19%
100,000,000 BON JOVI FANS CAN'T BE WRONG - BOX SET (2004) Edge Of A Broken Heart
16%
THE CIRCLE (2009) Fast Cars
16%
100,000,000 BON JOVI FANS CAN'T BE WRONG - BOX SET (2004) Good Guys Don't Always Wear White
16%
100,000,000 BON JOVI FANS CAN'T BE WRONG - BOX SET (2004) Love Ain't Nothing But A Four Letter Word
16%
WHAT ABOUT NOW (2013) Not Running Anymore
16%
WHAT ABOUT NOW (2013) With These Two Hands
16%
BOUNCE (2002) You Had Me From Hello
16%
100,000,000 BON JOVI FANS CAN'T BE WRONG - BOX SET (2004) Garageland
14%
THE CIRCLE (2009) Happy Now
14%
BURNING BRIDGES (2015) I'm Your Man
14%
LOST HIGHWAY (2007) One Step Closer
14%
100,000,000 BON JOVI FANS CAN'T BE WRONG - BOX SET (2004) Taking It Back
14%
100,000,000 BON JOVI FANS CAN'T BE WRONG - BOX SET (2004) The Radio Saved My Life Tonight
14%
100,000,000 BON JOVI FANS CAN'T BE WRONG - BOX SET (2004) These Arms Are Open All Night
14%
GREATEST HITS - COMPILATION (2010) This Is Our House
14%
7800 FAHRENHEIT (1985) Always Run To You
12%
100,000,000 BON JOVI FANS CAN'T BE WRONG - BOX SET (2004) Real Life
12%
WHAT ABOUT NOW (2013) The Fighter
12%
BURNING BRIDGES (2015) We All Fall Down
12%
100,000,000 BON JOVI FANS CAN'T BE WRONG - BOX SET (2004) Why Aren't You Dead?
12%
100,000,000 BON JOVI FANS CAN'T BE WRONG - BOX SET (2004) I Get A Rush
9%
100,000,000 BON JOVI FANS CAN'T BE WRONG - BOX SET (2004) Lonely At The Top
9%
100,000,000 BON JOVI FANS CAN'T BE WRONG - BOX SET (2004) Temptation
9%
WHAT ABOUT NOW (2013) Every Road Leads Home To You
7%
100,000,000 BON JOVI FANS CAN'T BE WRONG - BOX SET (2004) If I Can't Have Your Love
7%
100,000,000 BON JOVI FANS CAN'T BE WRONG - BOX SET (2004) Only In My Dreams
7%
100,000,000 BON JOVI FANS CAN'T BE WRONG - BOX SET (2004) Ordinary People
7%
100,000,000 BON JOVI FANS CAN'T BE WRONG - BOX SET (2004) The Fire Inside
7%
100,000,000 BON JOVI FANS CAN'T BE WRONG - BOX SET (2004) Billy
5%
100,000,000 BON JOVI FANS CAN'T BE WRONG - BOX SET (2004) Gotta Have A Reason
5%
100,000,000 BON JOVI FANS CAN'T BE WRONG - BOX SET (2004) Kidnap An Angel
5%
100,000,000 BON JOVI FANS CAN'T BE WRONG - BOX SET (2004) Miss Fourth of July
5%
100,000,000 BON JOVI FANS CAN'T BE WRONG - BOX SET (2004) Nobody's Hero
5%
WHAT ABOUT NOW (2013) Old Habits Die Hard
5%
100,000,000 BON JOVI FANS CAN'T BE WRONG - BOX SET (2004) Satellite
5%
100,000,000 BON JOVI FANS CAN'T BE WRONG - BOX SET (2004) Shut Up And Kiss Me
5%
100,000,000 BON JOVI FANS CAN'T BE WRONG - BOX SET (2004) Starting All Over Again
5%
100,000,000 BON JOVI FANS CAN'T BE WRONG - BOX SET (2004) Sympathy
5%
100,000,000 BON JOVI FANS CAN'T BE WRONG - BOX SET (2004) Thief of Hearts
5%
100,000,000 BON JOVI FANS CAN'T BE WRONG - BOX SET (2004) Too Much Of A Good Thing
5%
100,000,000 BON JOVI FANS CAN'T BE WRONG - BOX SET (2004) All I Wanna Do Is You
2%
100,000,000 BON JOVI FANS CAN'T BE WRONG - BOX SET (2004) Breathe
2%
100,000,000 BON JOVI FANS CAN'T BE WRONG - BOX SET (2004) Crazy Love
2%
100,000,000 BON JOVI FANS CAN'T BE WRONG - BOX SET (2004) Every Beat Of My Heart
2%
100,000,000 BON JOVI FANS CAN'T BE WRONG - BOX SET (2004) Flesh And Bone
2%
100,000,000 BON JOVI FANS CAN'T BE WRONG - BOX SET (2004) I Just Want To Be Your Man
2%
100,000,000 BON JOVI FANS CAN'T BE WRONG - BOX SET (2004) Last Chance Train
2%
100,000,000 BON JOVI FANS CAN'T BE WRONG - BOX SET (2004) Letter To A Friend
2%
100,000,000 BON JOVI FANS CAN'T BE WRONG - BOX SET (2004) Maybe Someday
2%
100,000,000 BON JOVI FANS CAN'T BE WRONG - BOX SET (2004) Out Of Bounds
2%
100,000,000 BON JOVI FANS CAN'T BE WRONG - BOX SET (2004) River Runs Dry
2%
100,000,000 BON JOVI FANS CAN'T BE WRONG - BOX SET (2004) The One That Got Away
2%
100,000,000 BON JOVI FANS CAN'T BE WRONG - BOX SET (2004) You Can Sleep While I Dream
2%
100,000,000 BON JOVI FANS CAN'T BE WRONG - BOX SET (2004) Outlaws Of Love
0%
100,000,000 BON JOVI FANS CAN'T BE WRONG - BOX SET (2004) Rich Man Living In A Poor Man's House
0%
100,000,000 BON JOVI FANS CAN'T BE WRONG - BOX SET (2004) Someday Just Might Be Tonight
0%
100,000,000 BON JOVI FANS CAN'T BE WRONG - BOX SET (2004) We Rule The Night
0%
No matching quizzes found
Score Distribution
Percent of People with Each Score
Percentile by Number Answered
Your Score History
You have not taken this quiz